Normal view
MARC view
- الزارع، نايف بن عابد
Entry Personal Name
001 - CONTROL NUMBER
- control field: 26020
003 - CONTROL NUMBER IDENTIFIER
- control field: JO-AjAnu
005 - DATE AND TIME OF LATEST TRANSACTION
- control field: 20230606074434.0
008 - FIXED-LENGTH DATA ELEMENTS
- fixed length control field: 230606|| aca||aabn | a|a d
040 ## - CATALOGING SOURCE
- Original cataloging agency: JO-AjAnu
- Transcribing agency: JO-AjAnu
100 ## - HEADING--PERSONAL NAME
- Personal name: الزارع، نايف بن عابد
670 ## - SOURCE DATA FOUND
- Source citation: Work cat.: (JO-AjAnu)13375: الزارع، نايف بن عابد , author, تأهيل ذوي الاحتياجات الخاصة